La mujer en el continente chino bajo la tiranía comunista

Kaydedildi:
Detaylı Bibliyografya
Yazar: Su, Huei (Yazar)
Materyal Türü: Kitap
Dil:İspanyolca
Baskı/Yayın Bilgisi: Taipéi Liga Mundial Anticomunista 1984
Konular:
Etiketler: Etiketle
Etiket eklenmemiş, İlk siz ekleyin!

MARC

LEADER 00000nam a2200000 a 4500
001 UCO2262
003 CL-VaPUC
008 000602e19840000ch |||||||||||||||||spa|d
082 0 4 |a 951.05  |b SUH  |2 21 
100 0 |a Su, Huei  |e author  |9 445260 
245 1 3 |a La mujer en el continente chino bajo la tiranía comunista 
300 |a 65 p 
942 |c BK 
945 |d 20000602 00:00:00  |a rherrera 
260 |a Taipéi  |b Liga Mundial Anticomunista  |c 1984 
650 0 |a Historia de China  |9 434737 
650 7 |a CHINA COMUNISTA  |2 CL-VaPUC  |9 445261 
650 0 |a Mujer  |9 255613 
650 7 |a SIGL0 20  |2 CL-VaPUC  |9 445262 
651 0 |a China   |9 257545 
583 |a last modification  |c 20171121 10:50:48  |k Rodrigo Vera 
999 |c 288799  |d 288797 
952 |0 0  |1 0  |4 0  |6 951_050000000000000_SUH_1984  |7 0  |8 A  |9 336722  |a BIBHIS  |b BIBHIS  |d 2019-11-20  |i 1284193  |o 951.05 SUH 1984  |p 1284193  |r 2025-01-20  |w 2019-11-20  |y BK  |k HIS